000 00595cam a2200145 4500500
005 20251012032643.0
041 _afre
042 _adc
100 1 0 _aBouit, Delphine
_eauthor
245 0 0 _aAnne-Laure Boch. L’Euphorie des cimes. Petites considérations sur la montagne et le dépassement de soi, Éditeur Transboréal, Collection « Petite philosophie du voyage », 2008, 89 pages.
260 _c2025.
500 _a91
786 0 _nSigila | 55 | 1 | 2025-05-06 | p. 213-214 | 1286-1715
856 4 1 _uhttps://shs.cairn.info/revue-sigila-2025-1-page-213?lang=fr&redirect-ssocas=7080
999 _c1548008
_d1548008